El arca de noé una ventura / (Registro nro. 6460)
[ vista simple ]
| 000 -CABECERA | |
|---|---|
| campo de control de longitud fija | 00858nam a22002057a 4500 |
| 008 - CÓDIGOS DE INFORMACIÓN DE LONGITUD FIJA | |
| fixed length control field | 200210b2009 ck a||||r|||| 00| 1 spa d |
| 040 ## - Fuente de catalogación | |
| Agencia original de catalogación | CO-JMCR |
| Agencia de transcripción | CO-JMCR |
| 082 ## - NÚMERO DE LA CLASIFICACIÓN DECIMAL DEWEY | |
| Número de clasificación Decimal | C / |
| Número de documento (Cutter) | BEAb |
| 100 1# - PUNTO DE ACCESO PRINCIPAL-NOMBRE DE PERSONA | |
| Nombre personal | Beattie, Robb, |
| Término de función/relación | autor |
| 9 (RLIN) | 289 |
| 245 13 - TÍTULO PROPIAMENTE DICHO | |
| Título | El arca de noé una ventura / |
| Mención de responsabilidad, etc. | Robb Beattie ; traducido por Gloria Jaramillo ; ilustrado por Marie Allen |
| 260 ## - PUBLICACIÓN, DISTRIBUCIÓN, ETC. (PIE DE IMPRENTA) | |
| Lugar de publicación, distribución, etc. | Bogotá : |
| Nombre del editor, distribuidor, etc. | Panamericana, |
| Fecha de publicación, distribución, etc. | c2009 |
| 300 ## - DESCRIPCIÓN FÍSICA | |
| Extensión | [16] páginas : |
| Otros detalles físicos | ilustraciones a color ; |
| Dimensiones | 18 cm. |
| 520 ## - RESUMEN, ETC. | |
| Resumen,etc. | El arca que noé construyó estaba lista, pero los animales tenía que embarcarse rápidamente y ¡esa era una tarea bastante difícil! |
| 650 14 - TÉRMINO DE MATERIA | |
| 9 (RLIN) | 290 |
| 650 14 - TÉRMINO DE MATERIA | |
| 9 (RLIN) | 291 |
| 700 1# - AUTOR SECUNDARIO - PERSONA | |
| Nombre de persona | Jaramillo, Gloria, |
| 9 (RLIN) | 292 |
| 700 1# - AUTOR SECUNDARIO - PERSONA | |
| Nombre de persona | Allen, Marie, |
| 9 (RLIN) | 293 |
| Withdrawn status | Lost status | Source of classification or shelving scheme | Damaged status | Not for loan | Home library | Current library | Shelving location | Date acquired | Source of acquisition | Cost, normal purchase price | Total Checkouts | Total Renewals | Full call number | Barcode | Date last seen | Date last checked out | Copy number | Price effective from | Koha item type |
|---|---|---|---|---|---|---|---|---|---|---|---|---|---|---|---|---|---|---|---|
| Dewey Decimal Classification | Biblioteca Pública José María del Castillo y Rada | Biblioteca Pública José María del Castillo y Rada | Processing Center | 12/19/2019 | Donación | 0.00 | 44 | 3 | C / BEAb | 201809712 | 04/27/2026 | 04/27/2026 | Ej.1 | 02/10/2020 | Books |